Hardware, software & the mental health professional : the complete guide to office computerization

Αποθηκεύτηκε σε:
Λεπτομέρειες βιβλιογραφικής εγγραφής
Κύριος συγγραφέας: Stoloff, Michael L.
Άλλοι συγγραφείς: Brewster, JoAnne, Couch, James V.
Μορφή: Βιβλίο
Γλώσσα:English
Δημοσίευση: Washington, DC : American Psychological Association, c1991
Θέματα:
Ετικέτες: Προσθήκη ετικέτας
Δεν υπάρχουν, Καταχωρήστε ετικέτα πρώτοι!

MARC

LEADER 00000nam a2200000 i 4500
001 1/87708
008 981111s1991 eng d
020 |a 1-55798-145-0 
035 |l 10035312 
035 |a 1993  |b 3  |c Πολεμικός 
040 |a GR-MY-UA  |b gre  |e aacr 
041 0 |a eng 
082 0 |a 362.20285  |2 (20) 
100 1 |a Stoloff, Michael L. 
245 1 0 |a Hardware, software & the mental health professional :  |b the complete guide to office computerization /  |c Michael L. Stoloff, JoAnne Brewster, James V. Couch 
246 3 3 |a Hardware, software, and the mental health professional 
260 |a Washington, DC :   |b American Psychological Association,   |c c1991 
300 |a iii, 247 p.;  |c 28 cm 
500 |a Hardware, software, and the mental health professional 
504 |a Περιέχει βιβλιογραφικές παραπομπές και ευρετήριο 
650 0 0 |a Mental health services  |x Data processing. 
650 0 0 |a Psychology  |x Practice  |x Data processing. 
700 1 |a Brewster, JoAnne. 
700 1 |a Couch, James V. 
852 |a INST  |b RHODES  |e 19981111  |h 362.20285 STO  |p 005400009443  |q 005400009443  |t BK  |y 0 
909 |a Ρ  |b 028712  |c 1993